Current Events - U.S. | 1 | 10.00 | 100% | 0% | 0% |
Fine Arts - Architecture | 1 | 20.00 | 100% | 100% | 0% |
Fine Arts - Film | 2 | 10.00 | 50% | 50% | 0% |
Fine Arts - Jazz | 1 | 10.00 | 100% | 0% | 0% |
Fine Arts - Miscellaneous | 2 | 10.00 | 100% | 0% | 0% |
Fine Arts - Music | 6 | 11.67 | 83% | 17% | 17% |
Fine Arts - Opera | 1 | 10.00 | 100% | 0% | 0% |
Fine Arts - Painting | 6 | 13.33 | 100% | 17% | 17% |
Fine Arts - Photography | 1 | 10.00 | 100% | 0% | 0% |
Fine Arts - Sculpture | 1 | 10.00 | 100% | 0% | 0% |
Geography - Europe | 2 | 15.00 | 100% | 50% | 0% |
Geography - World | 1 | 10.00 | 100% | 0% | 0% |
History - American | 5 | 18.00 | 100% | 60% | 20% |
History - Cross, Historiography, and Miscellaneous | 3 | 23.33 | 100% | 67% | 67% |
History - European | 4 | 20.00 | 100% | 50% | 50% |
History - World | 5 | 22.00 | 100% | 100% | 20% |
Literature - American | 11 | 13.64 | 91% | 36% | 9% |
Literature - British | 6 | 10.00 | 83% | 17% | 0% |
Literature - European | 8 | 13.75 | 100% | 38% | 0% |
Literature - World and Miscellaneous | 6 | 10.00 | 83% | 0% | 17% |
Other - Other Academic and General Knowledge | 5 | 22.00 | 100% | 80% | 40% |
RMP - Buddhism | 1 | 20.00 | 100% | 100% | 0% |
RMP - Christian Practice | 2 | 5.00 | 50% | 0% | 0% |
RMP - Hinduism | 1 | 10.00 | 100% | 0% | 0% |
RMP - Islam | 1 | 0.00 | 0% | 0% | 0% |
RMP - New Testament | 2 | 10.00 | 50% | 50% | 0% |
RMP - Philosophy | 2 | 10.00 | 100% | 0% | 0% |
RMP - World Mythology | 4 | 17.50 | 100% | 50% | 25% |
Science - Biology | 8 | 15.00 | 100% | 50% | 0% |
Science - Chemistry | 6 | 11.67 | 100% | 17% | 0% |
Science - Computer Science | 1 | 10.00 | 100% | 0% | 0% |
Science - Earth | 3 | 16.67 | 100% | 67% | 0% |
Science - Math | 2 | 10.00 | 50% | 50% | 0% |
Science - Physics | 5 | 10.00 | 100% | 0% | 0% |
Social Science - Anthropology | 1 | 20.00 | 100% | 100% | 0% |
Social Science - Economics | 1 | 10.00 | 100% | 0% | 0% |